History

Bibliographic Details
Main Author: Farndon,John
Other Authors: Parker, Victoria
Format: Book
Published: London : Bardfield press , 2004
Series:Visual factfinder
Subjects:

MARC

LEADER 00000cam a2200000 7i4500
001 0000017288
005 20150325.0
008 080515
020 |a 1842363794 
090 0 0 |a 909   |b FAR 
100 0 |a Farndon,John 
245 1 0 |a History   |c John Farndon, Victoria Parker 
260 |a London :   |b Bardfield press ,   |c 2004 
440 0 |a Visual factfinder 
500 |a Includes Index(488-511pg.) 
650 0 |a Natural History   |x Juvenile Literature 
700 1 |a Parker, Victoria 
999 |a 0000895551   |b Book   |c Adult Collection   |e Cawangan Pontian 
999 |a 0000895553   |b Book   |c Adult Collection   |e Cawangan Bandar Penawar 
999 |a 0000895555   |b Book   |c Adult Collection   |e Cawangan Mersing 
999 |a 0000895558   |b Book   |c Adult Collection   |e Cawangan Muar 
999 |a 0000895559   |b Book   |c Adult Collection   |e Cawangan Tmn. Ungku Tun Aminah 
999 |a 0001017329   |b Book   |c REFERENCE   |e Perbadanan Perpustakaan Awam Johor 
999 |a 0001017330   |b Book   |c Adult Collection   |e Cawangan Urban Transformation Centre 
999 |a 0001070691   |b Book   |c Adult Collection   |e Cawangan Bandar Penawar 
999 |a 0001070908   |b Book   |c Adult Collection   |e Cawangan Pontian 
999 |a 0001070909   |b Book   |c Adult Collection   |e Cawangan Bandar Penawar 
999 |a 0001070910   |b Book   |c Adult Collection   |e Cawangan Tmn. Ungku Tun Aminah 
999 |a 0001073080   |b Book   |c Adult Collection   |e Cawangan Pontian